La formación profesional continua en España / (Record no. 11325)

MARC details
000 -LEADER
campo de control de longitud fija 00850nam a22002535i 4500
001 - NÚMERO DE CONTROL
campo de control 11325
003 - IDENTIFICADOR DE NÚMERO DE CONTROL
campo de control ES-MaACL
005 - FECHA Y HORA DE LA ÚLTIMA TRANSACCIÓN
campo de control 20250811072549.0
007 - CAMPO FIJO DE DESCRIPCIÓN FÍSICA--INFORMACIÓN GENERAL
campo de control de longitud fija t|
008 - DATOS DE LONGITUD FIJA--INFORMACIÓN GENERAL
campo de control de longitud fija 951115s1994 sp ||||0| spa j
020 ## - NÚMERO INTERNACIONAL ESTÁNDAR DEL LIBRO
Número Internacional Estándar del Libro 84-7434-849-8
024 8# - IDENTIFICADOR DE OTROS ESTÁNDARES
Número estándar o código NIPO 201-94-016-9
040 ## - FUENTE DE CATALOGACIÓN
Centro catalogador/agencia de origen M-BN
Lengua de catalogación spa
Centro/agencia transcriptor M-BN
080 ## - NÚMERO DE LA CLASIFICACIÓN DECIMAL UNIVERSAL
Número de la Clasificación Decimal Universal 331.36(460)
245 03 - MENCIÓN DEL TÍTULO
Título La formación profesional continua en España /
Mención de responsabilidad, etc. Federico Durán López ... [et al.].
260 ## - PUBLICACIÓN, DISTRIBUCIÓN, ETC.
Lugar de publicación, distribución, etc. Madrid :
Nombre del editor, distribuidor, etc. Centro de Publicaciones, Ministerio de Trabajo y Seguridad Social,
Fecha de publicación, distribución, etc. D.L. 1994.
300 ## - DESCRIPCIÓN FÍSICA
Extensión 281 p :
Otras características físicas gráf ;
Dimensiones 24 cm.
500 ## - NOTA GENERAL
Nota general En la cub.: FORCE.
650 14 - PUNTO DE ACCESO ADICIONAL DE MATERIA--TÉRMINO DE MATERIA
Término de materia o nombre geográfico como elemento de entrada Reciclaje profesional-
Subdivisión geográfica España.
9 (RLIN) 16694
700 1# - ENTRADA AGREGADA--NOMBRE PERSONAL
Nombre de persona Durán López, Federico.
9 (RLIN) 46225
710 1# - ENTRADA AGREGADA--NOMBRE DE ENTIDAD CORPORATIVA
Nombre de entidad corporativa o nombre de jurisdicción como elemento de entrada España.
Unidad subordinada Ministerio de Trabajo
9 (RLIN) 3924
852 ## - LOCALIZACIÓN
Ubicación ES-MaACL
Número de control de estantería L-18664
Sublocalización o colección R.124887
Holdings
Estatus retirado Estado de pérdida Estado de daño No para préstamo Biblioteca de origen Biblioteca actual Ubicación en estantería Fecha de adquisición Fuente de adquisición Total de préstamos Signatura topográfica completa Código de barras Visto por última vez Precio de reemplazo Tipo de ítem Koha
        Biblioteca del Ateneo de Madrid Biblioteca del Ateneo de Madrid Depósito 2 17/01/2008     L-18664 1011548 23/02/2023 23/02/2023 Libro impreso